[Event "Benidorm 2012 - Torneo Femenino"]
[Site "Benidorm ESP"]
[Date "2012.12.08"]
[Round "7.5"]
[White "Perera Borrego, Mariela"]
[Black "Batsiashvili, Nino"]
[Result "0-1"]
[WhiteElo "2088"]
[BlackElo "2425"]
[PlyCount "132"]
[EventDate "2012.12.04"]
[EventType "tourn"]
[EventRounds "9"]
[EventCountry "ESP"]
[EventCategory "2"]
[Source "lmi"]
[SourceDate "2012.12.04"]

1. d4 f5 2. c4 Nf6 3. Nc3 d6 4. Bg5 g6 5. h4 Bg7 6. h5 Nxh5 7. e4 O-O 8. Be2
Nf6 9. Bf3 fxe4 10. Nxe4 c6 11. Qd2 Bf5 12. Ng3 Be6 13. Rc1 Nbd7 14. N1e2 Bf7
15. Bh6 Bxh6 16. Qxh6 Qa5+ 17. Kf1 Rfe8 18. Nf4 Nf8 19. d5 e5 20. Nfh5 Nxh5 21.
Rxh5 Qc7 22. Rg5 cxd5 23. Nh5 Be6 24. Nf6+ Kh8 25. Bxd5 Bxd5 26. Nxd5 Qf7 27.
Rg3 Ne6 28. Rf3 Qg7 29. Qe3 Rf8 30. Rxf8+ Rxf8 31. Qxa7 Nd4 32. Rd1 Qf7 33. Rd2
Qf5 34. Qa4 Qh5 35. Kg1 Nf3+ 36. gxf3 Qg5+ 37. Kf1 Qxd2 38. Qb3 Rf7 39. Kg2 Kg7
40. a4 h5 41. Qa3 Qe2 42. Qc3 h4 43. f4 Qg4+ 44. Kh2 Kh7 45. b4 g5 46. Qd3+ Qf5
47. Qxf5+ Rxf5 48. fxg5 Rxf2+ 49. Kh3 Rc2 50. Nb6 Kg6 51. Kxh4 Rd2 52. Kg4 Rd4+
53. Kf3 Kxg5 54. b5 Kf5 55. Ke3 Rh4 56. Kd3 Rh3+ 57. Kc2 e4 58. a5 Ra3 59. Nc8
Rxa5 60. Nxd6+ Ke5 61. Nxb7 Ra2+ 62. Kb3 e3 63. Nc5 e2 64. Kxa2 Kd4 65. Nb3+
Kc3 66. b6 e1=Q 0-1

[Event "Benidorm 2012 - Torneo Femenino"]
[Site "Benidorm ESP"]
[Date "2012.12.08"]
[Round "8.2"]
[White "Nicolas Zapata, Irene"]
[Black "Perera Borrego, Mariela"]
[Result "1/2-1/2"]
[WhiteElo "2217"]
[BlackElo "2088"]
[PlyCount "42"]
[EventDate "2012.12.04"]
[EventType "tourn"]
[EventRounds "9"]
[EventCountry "ESP"]
[EventCategory "2"]
[Source "lmi"]
[SourceDate "2012.12.04"]

1. Nf3 d6 2. g3 e5 3. d3 Nf6 4. Bg2 Be7 5. O-O O-O 6. c4 a5 7. h3 Na6 8. a3 Nc5
9. Be3 Nfd7 10. Nc3 Ne6 11. b4 Kh8 12. d4 exd4 13. Nxd4 Ne5 14. Qb3 Nxd4 15.
Bxd4 Be6 16. Bxe5 dxe5 17. Bxb7 Ra7 18. Bg2 axb4 19. axb4 Rxa1 20. Rxa1 Qd4 21.
e3 Qxc4 1/2-1/2

[Event "Benidorm 2012 - Torneo Femenino"]
[Site "Benidorm ESP"]
[Date "2012.12.08"]
[Round "8.3"]
[White "Savina, Anastasia"]
[Black "Fidalgo Fernandez, Lucia"]
[Result "1-0"]
[WhiteElo "2323"]
[BlackElo "2163"]
[PlyCount "75"]
[EventDate "2012.12.04"]
[EventType "tourn"]
[EventRounds "9"]
[EventCountry "ESP"]
[EventCategory "2"]
[Source "lmi"]
[SourceDate "2012.12.04"]

1. d4 Nf6 2. c4 c5 3. d5 e6 4. Nc3 exd5 5. cxd5 d6 6. Nf3 g6 7. Nd2 Nbd7 8. e4
Bg7 9. Be2 O-O 10. O-O Nb6 11. a4 Bd7 12. f4 Qc7 13. a5 Nc8 14. Nc4 Rb8 15. e5
Ne8 16. Kh1 b5 17. axb6 axb6 18. Bg4 Bxg4 19. Qxg4 b5 20. exd6 Ncxd6 21. Nxd6
Nxd6 22. f5 Nxf5 23. Bf4 Qb7 24. Bxb8 Rxb8 25. Rxf5 gxf5 26. Qxf5 b4 27. Ne4 c4
28. Ng5 h6 29. Qh7+ Kf8 30. Ne6+ fxe6 31. Rf1+ Ke7 32. Qxg7+ Kd6 33. Qg3+ Kxd5
34. Rd1+ Kc6 35. Qe5 Qc7 36. Qxe6+ Kb5 37. b3 cxb3 38. Rd5+ 1-0

[Event "Benidorm 2012 - Torneo Femenino"]
[Site "Benidorm ESP"]
[Date "2012.12.08"]
[Round "8.4"]
[White "Guadamuro Torrente, Anabel"]
[Black "Guramishvili, Sopiko"]
[Result "0-1"]
[WhiteElo "2215"]
[BlackElo "2403"]
[PlyCount "134"]
[EventDate "2012.12.04"]
[EventType "tourn"]
[EventRounds "9"]
[EventCountry "ESP"]
[EventCategory "2"]
[Source "lmi"]
[SourceDate "2012.12.04"]

1. e4 c5 2. c3 d6 3. d4 Nf6 4. Bd3 g6 5. h3 Bg7 6. Nf3 O-O 7. O-O Qc7 8. Nbd2
a6 9. Re1 e5 10. dxe5 dxe5 11. Nc4 Nbd7 12. a4 b6 13. Bg5 Bb7 14. Bxf6 Bxf6 15.
Ne3 Bg7 16. Qc2 Nf6 17. a5 b5 18. c4 Rfd8 19. b3 Bh6 20. cxb5 axb5 21. Bxb5
Bxe4 22. Qc3 Bxf3 23. gxf3 Rd4 24. Bf1 Bxe3 25. fxe3 Nd5 26. Qc1 Rh4 27. Qd2
Nb4 28. a6 Rh5 29. Red1 e4 30. f4 Qe7 31. Qd7 Qh4 32. Qg4 Qf6 33. Qg2 Qc6 34.
Qe2 Nd3 35. Bg2 Nb4 36. a7 Qb7 37. Qc4 Rxa7 38. Rxa7 Qxa7 39. Qxe4 Kg7 40. Rd8
Rf5 41. Qe8 Qa1+ 42. Kh2 Kh6 43. e4 Rxf4 44. e5 Qc3 45. Qf8+ Kh5 46. Qg7 Kg5
47. Rh8 Nd3 48. Rxh7 Qxe5 49. Qh6+ Kf6 50. Qg7+ Ke6 51. Qxe5+ Kxe5 52. Kg3 Rf6
53. Rh4 Nf4 54. Bf3 g5 55. Rh8 Rb6 56. Re8+ Ne6 57. Bd1 Kf6 58. Rc8 Rb4 59. Rc6
Ke7 60. Ra6 Nd4 61. Ra3 Kf6 62. Kf2 Ke5 63. Ke3 Ne6 64. Ra5 Rh4 65. Kf2 Rxh3
66. Bg4 Rxb3 67. Bxe6 Kxe6 0-1

[Event "Benidorm 2012 - Torneo Femenino"]
[Site "Benidorm ESP"]
[Date "2012.12.09"]
[Round "9.1"]
[White "Maisuradze, Nino"]
[Black "Matnadze, Ana"]
[Result "1/2-1/2"]
[WhiteElo "2315"]
[BlackElo "2401"]
[PlyCount "109"]
[EventDate "2012.12.04"]
[EventType "tourn"]
[EventRounds "9"]
[EventCountry "ESP"]
[EventCategory "2"]
[Source "lmi"]
[SourceDate "2012.12.04"]

1. d4 Nf6 2. c4 e6 3. Nc3 Bb4 4. Qc2 d5 5. cxd5 Qxd5 6. e3 c5 7. a3 cxd4 8.
axb4 dxc3 9. bxc3 b5 10. Nf3 Bb7 11. c4 bxc4 12. Bxc4 Qc6 13. b5 Qe4 14. Bd3
Qb4+ 15. Bd2 Qd6 16. Ra4 Nbd7 17. Bb4 Qd5 18. Ba3 Rc8 19. Rc4 Rxc4 20. Bxc4 Qh5
21. O-O Ne4 22. Be2 Nec5 23. Bxc5 Qxc5 24. Qxc5 Nxc5 25. Rc1 Ne4 26. Rc7 Nd6
27. Ne5 Bd5 28. e4 Bxe4 29. Rd7 f6 30. Rxd6 fxe5 31. Rxe6+ Kd7 32. Rxe5 Bb7 33.
Bg4+ Kd6 34. Re6+ Kc5 35. Re7 Kb6 36. Rxg7 h5 37. Bd7 Rh6 38. f4 Rd6 39. f5 Be4
40. Re7 Bd3 41. Re6 Kc7 42. Rxd6 Kxd6 43. Be8 Ke5 44. Bxh5 Bxb5 45. g4 Bd3 46.
Bg6 a5 47. h4 a4 48. h5 a3 49. Bf7 Kf6 50. Be6 a2 51. Bxa2 Bxf5 52. h6 Bxg4 53.
Bb1 Bh5 54. h7 Kg7 55. Kf2 1/2-1/2

[Event "Benidorm 2012 - Torneo Femenino"]
[Site "Benidorm ESP"]
[Date "2012.12.09"]
[Round "9.3"]
[White "Fidalgo Fernandez, Lucia"]
[Black "Guadamuro Torrente, Anabel"]
[Result "1/2-1/2"]
[WhiteElo "2163"]
[BlackElo "2215"]
[PlyCount "25"]
[EventDate "2012.12.04"]
[EventType "tourn"]
[EventRounds "9"]
[EventCountry "ESP"]
[EventCategory "2"]
[Source "lmi"]
[SourceDate "2012.12.04"]

1. d4 d5 2. c4 c6 3. Nf3 Nf6 4. cxd5 cxd5 5. Nc3 Nc6 6. a3 g6 7. Bg5 Bg7 8. e3
O-O 9. Bd3 h6 10. Bh4 e6 11. O-O Bd7 12. h3 Re8 13. Bg3 1/2-1/2

[Event "Benidorm 2012 - Torneo Femenino"]
[Site "Benidorm ESP"]
[Date "2012.12.09"]
[Round "9.4"]
[White "Perera Borrego, Mariela"]
[Black "Savina, Anastasia"]
[Result "0-1"]
[WhiteElo "2088"]
[BlackElo "2323"]
[PlyCount "94"]
[EventDate "2012.12.04"]
[EventType "tourn"]
[EventRounds "9"]
[EventCountry "ESP"]
[EventCategory "2"]
[Source "lmi"]
[SourceDate "2012.12.04"]

1. d4 Nf6 2. Nf3 g6 3. g3 Bg7 4. Bg2 O-O 5. O-O d6 6. c4 Nc6 7. Nc3 a6 8. d5
Na5 9. b3 c5 10. dxc6 Nxc6 11. Bb2 Ne4 12. Qc1 Nxc3 13. Bxc3 Bxc3 14. Qxc3 Bd7
15. Rfd1 Qc7 16. Rac1 Rfd8 17. Qe3 Kg7 18. h4 h5 19. c5 dxc5 20. Rxc5 Bg4 21.
Rdc1 Qd6 22. Ne5 Nxe5 23. Rxe5 Rac8 24. Rd5 Qe6 25. Qd4+ Qf6 26. Qxf6+ Kxf6 27.
Rdc5 Rxc5 28. Rxc5 Rd1+ 29. Kh2 Rd2 30. Bxb7 Rxe2 31. Rc6+ Be6 32. Rxa6 Rxf2+
33. Kg1 Rb2 34. Bf3 Ke5 35. Ra4 Bd5 36. Ra5 e6 37. Kf1 Kd4 38. Bxd5 exd5 39.
Ra7 f5 40. Ra6 Ke3 41. Rxg6 d4 42. Re6+ Kf3 43. Ke1 Kxg3 44. Re2 Rxe2+ 45. Kxe2
f4 46. a4 f3+ 47. Kf1 d3 0-1